000 00862nam a2200301Ia 4500
001 Z_3392
003 CHAP
008 220113s1987 xx 000 0 und d
010 _a166507
040 _cCHAP
082 _a636.08245 H4
100 _aHerman, Harry A.
_953741
245 _aThe artificial insemination and embryotransfer of dairy and beef cattle, a handbook and laboratory manual /
_cpor Harry A. Herman
260 _aDanville, Ill. :
_bThe Interstate Printers & Publishers,
_c1987
300 _a279 p. ; ilus.
440 _a
500 _a
503 _a146365, 146923
650 _aGanado de carne I. Madden, F. W
_9140582
650 _aGanado lechero
_xReproducción
_945294
650 _aInseminación artificial
_958964
901 _a636.08245 H4
902 _aA
910 _a1987
942 _c1
942 _cc1
999 _c166507
_d166507